[Event "Wil Acrevis op 1st"]
[Site "Wil"]
[Date "2020.06.21"]
[Round "4"]
[White "Jaggy, Matteo"]
[Black "Zaugg, Reto"]
[Result "1/2-1/2"]
[WhiteElo "1896"]
[BlackElo "1669"]
[PlyCount "85"]
[EventDate "2020.06.19"]
[EventType "swiss"]
[EventRounds "5"]
[EventCountry "SUI"]
[SourceTitle "CBM 197 Extra"]
[Source "ChessBase"]
[SourceDate "2020.09.30"]
[SourceVersion "1"]
[SourceVersionDate "2020.09.30"]
[SourceQuality "1"]

1. d4 Nf6 2. c4 b6 3. Nc3 Bb7 4. Nf3 g6 5. Qc2 Bg7 6. e4 d6 7. Be2 Nbd7 8. 0-0 0-0 9. Ne1 e5 10. d5 a5 11. f3 Nh5 12. g3 Nhf6 13. Be3 Nc5 14. b3 Bc8 15. Rb1 Ne8 16. a3 f5 17. Ng2 Nf6 18. b4 Nb7 19. Bd3 fxe4 20. Nxe4 Nxe4 21. fxe4 Rxf1+ 22. Rxf1 Bh3 23. Be2 axb4 24. axb4 Ra3 25. Bc1 Ra1 26. Qb2 Qa8 27. Qd2 Qa2 28. Qe3 Qa8 29. Qf3 Qe8 30. g4 Bxg2 31. Kxg2 Ra2 32. Rf2 Ra8 33. h4 Qd7 34. Bg5 Rf8 35. Qa3 Rxf2+ 36. Kxf2 Qc8 37. Qa6 h6 38. Be3 Qb8 39. Qb5 Qd8 40. Kg2 Qxh4 41. Qe8+ Kh7 42. Qc8 Qe1 43. Bf3 1/2-1/2

[Event "Lugano op"]
[Site "Lugano"]
[Date "2017.11.03"]
[Round "1"]
[White "Zaugg, Reto"]
[Black "Paleologu, Vladimir"]
[Result "0-1"]
[WhiteElo "1731"]
[BlackElo "2153"]
[PlyCount "86"]
[EventDate "2017.11.03"]
[EventType "swiss"]
[EventRounds "5"]
[EventCountry "SUI"]
[SourceTitle "CBM 181 Extra"]
[Source "ChessBase"]
[SourceDate "2017.12.12"]
[SourceVersion "1"]
[SourceVersionDate "2017.12.12"]
[SourceQuality "1"]

1. Nf3 d6 2. d4 Nd7 3. e3 e5 4. c4 g6 5. Nc3 Bg7 6. Be2 Ne7 7. 0-0 0-0 8. Qc2 f5 9. Rd1 h6 10. b4 e4 11. Nd2 a5 12. bxa5 Nc6 13. Rb1 Nxa5 14. Nb5 Nc6 15. a4 Nf6 16. Ba3 Qe7 17. Qb3 Kh8 18. d5 Ne5 19. Rbc1 b6 20. Nd4 Bd7 21. Nb5 g5 22. Nb1 Be8 23. N1c3 f4 24. Nd4 Bd7 25. Bf1 Ra6 26. Bb4 Rfa8 27. Ndb5 Be8 28. Rd2 h5 29. Ra1 Nfg4 30. Raa2 fxe3 31. fxe3 Bg6 32. Nd1 Nd3 33. Bc3 Nc1 34. Bxg7+ Qxg7 35. Qb2 Nxa2 36. Qxg7+ Kxg7 37. Rxa2 Rxa4 38. Rc2 Ra1 39. Rd2 Rc1 40. h3 Ne5 41. Nxc7 Raa1 42. Ne6+ Kh6 43. Be2 Nxc4 0-1

[Event "Lugano Paradiso op 8th"]
[Site "Lugano"]
[Date "2015.01.25"]
[Round "4"]
[White "Moroni, Luca Jr"]
[Black "Zaugg, Reto"]
[Result "1-0"]
[WhiteElo "2367"]
[BlackElo "1817"]
[PlyCount "37"]
[EventDate "2015.01.23"]
[EventType "swiss"]
[EventRounds "5"]
[EventCountry "SUI"]
[SourceTitle "CBM 164 Extra"]
[Source "ChessBase"]
[SourceDate "2015.03.02"]
[SourceVersion "1"]
[SourceVersionDate "2015.03.02"]
[SourceQuality "1"]

1. Nf3 b5 2. e4 Bb7 3. Bxb5 Bxe4 4. Nc3 Bb7 5. d4 e6 6. 0-0 Nf6 7. Bg5 Be7 8. Re1 0-0 9. Qe2 c6 10. Bd3 a5 11. Na4 Na6 12. c4 d6 13. Rad1 Qc7 14. Bb1 c5 15. d5 e5 16. Nc3 Bc8 17. Nxe5 dxe5 18. d6 Bxd6 19. Nb5 1-0